La personalidad del delincuente en la técnica penal
Gorde:
| Egile nagusia: | |
|---|---|
| Formatua: | Liburua |
| Hizkuntza: | gaztelania |
| Argitaratua: |
Valladolid
Universidad de Valladolid
1953
|
| Edizioa: | 2a. ed |
| Gaiak: | |
| Etiketak: |
Etiketa erantsi
Etiketarik gabe, Izan zaitez lehena erregistro honi etiketa jartzen!
|
MARC
| LEADER | 00000nam a2200000 a 4500 | ||
|---|---|---|---|
| 001 | UCS0312 | ||
| 003 | CL-VaPUC | ||
| 008 | 970418e19530000SP |||||||||||||||||spa|d | ||
| 082 | 0 | 4 | |a 364.3 |b ROS |2 21 |
| 100 | 0 | |a Rosal, Juan del |e author |9 383606 | |
| 245 | 1 | 3 | |a La personalidad del delincuente en la técnica penal |
| 250 | |a 2a. ed | ||
| 300 | |a 251 p | ||
| 942 | |c BK | ||
| 945 | |d 19970418 00:00:00 |a paguirre | ||
| 260 | |a Valladolid |b Universidad de Valladolid |c 1953 | ||
| 650 | 7 | |a DERECHO PENAL |2 CL-VaPUC |9 11 | |
| 650 | 0 | |a Criminología |9 256168 | |
| 650 | 7 | |a PSICOLOGIA CRIMINAL |2 CL-VaPUC |9 256274 | |
| 650 | 0 | |a Personalidad |9 307255 | |
| 650 | 7 | |a DELINCUENTES |2 CL-VaPUC |9 315465 | |
| 650 | 0 | |a Delitos |9 224143 | |
| 651 | 0 | |a España |9 254926 | |
| 583 | |a last modification |c 19970418 00:00:00 |k Rodrigo Vera | ||
| 999 | |c 258544 |d 258542 | ||
| 952 | |0 0 |1 0 |4 0 |6 364_300000000000000_ROS_1953 |7 0 |8 A |9 282718 |a BIBDER |b BIBDER |d 2019-11-19 |i 183357K |o 364.3 ROS 1953 |p 183357K |r 2023-01-25 |w 2019-11-19 |y BK |k DER | ||